[Event "Croatian junior league 2021"]
[Site "Rabac"]
[Date "2021.04.09"]
[Round "8.8"]
[White "Martic, Filip"]
[Black "Markovic, Marko"]
[Result "1-0"]
[WhiteElo "1756"]
[BlackElo "2232"]
[Annotator "NA"]
[PlyCount "97"]
[EventDate "2021.04.06"]
[EventType "swiss"]
[EventCountry "CRO"]
[SourceTitle "playchess.com"]
[Source "ChessBase"]
[SourceQuality "1"]
[TimeControl "5400+30"]

1. d4 {[%emt 0:00:00]} d5 {[%emt 0:00:00]} 2. Nf3 {[%emt 0:00:00]} e6 3. c4 {[%emt 0:00:07]} Nf6 {[%emt 0:00:00]} 4. Nc3 {[%emt 0:00:14]} Be7 {[%emt 0:00:00]} 5. Bf4 {[%emt 0:01:03]} O-O {[%emt 0:00:38]} 6. e3 {[%emt 0:01:12]} a6 {[%emt 0:02:49]} 7. cxd5 {[%emt 0:01:19]} exd5 {[%emt 0:00:21]} 8. Bd3 {[%emt 0:00:59]} Bg4 {[%emt 0:06:21]} 9. O-O {[%emt 0:01:35]} Bd6 {[%emt 0:01:35]} 10. Bg5 {[%emt 0:01:04]} c6 {[%emt 0:00:42]} 11. h3 {[%emt 0:09:37]} Bh5 {[%emt 0:00:33]} 12. Rb1 {[%emt 0:01:03]} Nbd7 {[%emt 0:03:19]} 13. b4 {[%emt 0:02:52]} h6 {[%emt 0:02:24]} 14. Bxf6 {[%emt 0:00:38]} Qxf6 {[%emt 0:00:34]} 15. Be2 {[%emt 0:02:17]} Bc7 {[%emt 0:05:48]} 16. a4 {[%emt 0:03:36]} Qd6 {[%emt 0:02:09]} 17. g3 {[%emt 0:00:20]} Rfe8 {[%emt 0:00:17]} 18. Qd2 {[%emt 0:03:44]} b5 {[%emt 0:12:29]} 19. Rfc1 {[%emt 0:02:32]} Qg6 {[%emt 0:11:05]} 20. Nh4 {[%emt 0:02:57]} Qg5 {[%emt 0:00:07]} 21. Bxh5 {[%emt 0:00:28]} Qxh5 {[%emt 0:00:57]} 22. Qe2 {[%emt 0:00:33]} Qg5 {[%emt 0:03:28]} 23. Nf3 {[%emt 0:03:59]} Qg6 {[%emt 0:00:17]} 24. Kg2 {[%emt 0:01:18]} Bb6 {[%emt 0:02:25]} 25. a5 {[%emt 0:02:39]} Ba7 {[%emt 0:00:24]} 26. Qc2 {[%emt 0:00:18]} Qd6 {[%emt 0:08:11]} 27. Ne2 {[%emt 0:01:30]} Rac8 {[%emt 0:00:15]} 28. Nf4 {[%emt 0:01:12]} Bb8 {[%emt 0:05:25]} 29. Qd2 {[%emt 0:05:57]} g5 {[%emt 0:03:51]} 30. Nd3 {[%emt 0:00:59]} Nf6 {[%emt 0:01:50]} 31. Nc5 {[%emt 0:02:29]} Ne4 {[%emt 0:00:11]} 32. Nxe4 {[%emt 0:00:09]} dxe4 {[%emt 0:00:06]} 33. Nh2 {[%emt 0:00:36]} f5 {[%emt 0:01:01]} 34. Rg1 {[%emt 0:02:54]} Qd5 {[%emt 0:04:16]} 35. Qe2 {[%emt 0:01:30]} Kg7 {[%emt 0:08:37]} 36. Qh5 {[%emt 0:06:03]} Bd6 {[%emt 0:01:51]} 37. Kh1 {[%emt 0:02:25]} Re7 {[%emt 0:06:07]} 38. h4 {[%emt 0:06:11]} Qe6 {[%emt 0:07:15]} 39. hxg5 {[%emt 0:00:23]} Rh8 {[%emt 0:00:30]} 40. Rg2 {[%emt 0:00:56]} hxg5 {[%emt 0:01:02]} 41. Qxg5+ {[%emt 0:00:35]} Kf8 {[%emt 0:00:19]} 42. Kg1 {[%emt 0:04:01]} Reh7 {[%emt 0:00:16]} 43. Qd8+ {[%emt 0:00:32]} Kf7 {[%emt 0:00:33]} 44. Qb6 {[%emt 0:00:15]} Qa2 {[%emt 0:00:36]} 45. Rc1 {[%emt 0:01:05]} Qd2 {[%emt 0:00:44]} 46. Qxc6 {[%emt 0:00:13]} Rxh2 {[%emt 0:00:49]} 47. Qd7+ {[%emt 0:00:12]} Kg8 {[%emt 0:00:32]} 48. Rc8+ {[%emt 0:00:59]} Bf8 {[%emt 0:00:02]} 49. Qe6+ {[%emt 0:00:11]} 1-0

[Event "Croatian junior league 2021"]
[Site "Rabac"]
[Date "2021.04.09"]
[Round "8.9"]
[White "Cotic, Borna"]
[Black "Novosel, Marko"]
[Result "1-0"]
[WhiteElo "2120"]
[BlackElo "2130"]
[Annotator "NA"]
[PlyCount "87"]
[EventDate "2021.04.06"]
[EventType "swiss"]
[EventCountry "CRO"]
[SourceTitle "playchess.com"]
[Source "ChessBase"]
[SourceQuality "1"]
[TimeControl "5400+30"]

1. e4 {[%emt 0:02:13]} c6 {[%emt 0:00:00]} 2. Nc3 {[%emt 0:00:06]} d5 {[%emt 0:00:04]} 3. d4 {[%emt 0:00:04]} dxe4 {[%emt 0:00:39]} 4. Nxe4 {[%emt 0:00:44]} Nf6 {[%emt 0:06:07]} 5. Nxf6+ {[%emt 0:00:14]} gxf6 {[%emt 0:02:14]} 6. Nf3 {[%emt 0:00:09]} Bg4 {[%emt 0:01:17]} 7. Be2 {[%emt 0:00:22]} e6 {[%emt 0:00:10]} 8. O-O {[%emt 0:01:03]} Bd6 {[%emt 0:00:13]} 9. h3 {[%emt 0:00:42]} Bxf3 {[%emt 0:01:26]} 10. Bxf3 {[%emt 0:00:13]} Nd7 {[%emt 0:01:36]} 11. c4 {[%emt 0:00:22]} Qc7 {[%emt 0:00:29]} 12. d5 {[%emt 0:13:51]} Ne5 {[%emt 0:21:39]} 13. dxe6 {[%emt 0:02:29]} O-O-O {[%emt 0:00:19]} 14. exf7 {[%emt 0:09:13]} Qxf7 {[%emt 0:02:50]} 15. Qb3 {[%emt 0:08:56]} Rhg8 {[%emt 0:11:39]} 16. Bf4 {[%emt 0:03:19]} Qg7 {[%emt 0:26:32]} 17. Bxe5 {[%emt 0:01:59]} Bxe5 {[%emt 0:01:05]} 18. Rad1 {[%emt 0:03:20]} Qh6 {[%emt 0:06:50]} 19. c5 {[%emt 0:26:58]} Bc7 {[%emt 0:08:52]} 20. Rxd8+ {[%emt 0:11:40]} Rxd8 {[%emt 0:00:01]} 21. Rd1 {[%emt 0:00:14]} Rxd1+ {[%emt 0:01:33]} 22. Qxd1 {[%emt 0:00:15]} Qf4 {[%emt 0:00:30]} 23. g3 {[%emt 0:01:37]} Qe5 {[%emt 0:00:48]} 24. Qd3 {[%emt 0:02:29]} a5 {[%emt 0:00:25]} 25. Qxh7 {[%emt 0:02:18]} Qxc5 {[%emt 0:01:23]} 26. Qg8+ {[%emt 0:00:39]} Bd8 {[%emt 0:00:15]} 27. Kg2 {[%emt 0:00:25]} Qd4 {[%emt 0:00:26]} 28. h4 {[%emt 0:01:43]} Kb8 {[%emt 0:00:02]} 29. h5 {[%emt 0:00:57]} Ka7 {[%emt 0:00:03]} 30. Qe6 {[%emt 0:05:11]} Bb6 {[%emt 0:00:09]} 31. Qe2 {[%emt 0:00:10]} f5 {[%emt 0:00:27]} 32. b3 {[%emt 0:00:32]} Qf6 {[%emt 0:05:09]} 33. Qd2 {[%emt 0:00:12]} Qf8 {[%emt 0:00:47]} 34. h6 {[%emt 0:00:56]} Qf6 {[%emt 0:00:18]} 35. a3 {[%emt 0:00:47]} Qe5 {[%emt 0:00:39]} 36. b4 {[%emt 0:00:33]} axb4 {[%emt 0:00:18]} 37. axb4 {[%emt 0:00:01]} Bd4 {[%emt 0:00:18]} 38. h7 {[%emt 0:00:57]} Kb6 {[%emt 0:00:59]} 39. Qa2 {[%emt 0:00:12]} Qb5 {[%emt 0:00:28]} 40. Qb3 {[%emt 0:00:54]} Qe5 {[%emt 0:00:16]} 41. Qa2 {[%emt 0:00:20]} Qb5 {[%emt 0:00:22]} 42. Qg8 {[%emt 0:00:21]} Qe5 {[%emt 0:00:32]} 43. Qa8 {[%emt 0:00:05]} Bc3 {[%emt 0:00:35]} 44. h8=Q {[%emt 0:00:14]} 1-0

[Event "Croatian junior league 2021"]
[Site "Rabac"]
[Date "2021.04.09"]
[Round "8.10"]
[White "Klapac, Patrik"]
[Black "Simunic, Krunoslav"]
[Result "1-0"]
[WhiteElo "1780"]
[BlackElo "1999"]
[Annotator "NA"]
[PlyCount "63"]
[EventDate "2021.04.06"]
[EventType "swiss"]
[EventCountry "CRO"]
[SourceTitle "playchess.com"]
[Source "ChessBase"]
[SourceQuality "1"]
[TimeControl "5400+30"]

1. e4 {[%emt 0:02:15]} e6 {[%emt 0:04:52]} 2. d4 {[%emt 0:00:05]} d5 {[%emt 0:00:31]} 3. e5 {[%emt 0:00:07]} c5 {[%emt 0:01:29]} 4. c3 {[%emt 0:00:05]} Nc6 {[%emt 0:00:14]} 5. Be3 {[%emt 0:00:08]} Qb6 {[%emt 0:01:48]} 6. Qd2 {[%emt 0:00:16]} cxd4 {[%emt 0:02:14]} 7. cxd4 {[%emt 0:00:08]} Nge7 {[%emt 0:02:18]} 8. Nf3 {[%emt 0:01:15]} Nf5 {[%emt 0:04:26]} 9. Be2 {[%emt 0:03:17]} Bb4 {[%emt 0:05:45]} 10. Nc3 {[%emt 0:00:05]} O-O {[%emt 0:02:19]} 11. O-O {[%emt 0:00:05]} Na5 {[%emt 0:01:39]} 12. Rac1 {[%emt 0:01:24]} Bd7 {[%emt 0:03:38]} 13. Bd3 {[%emt 0:09:04]} Rac8 {[%emt 0:10:20]} 14. g4 {[%emt 0:03:11]} Nxe3 {[%emt 0:02:25]} 15. fxe3 {[%emt 0:02:06]} Nc4 {[%emt 0:04:19]} 16. Qe2 {[%emt 0:06:39]} Nxb2 {[%emt 0:04:32]} 17. Bxh7+ {[%emt 0:33:42]} Kxh7 {[%emt 0:00:34]} 18. Ng5+ {[%emt 0:00:08]} Kg8 {[%emt 0:05:38]} 19. Qc2 {[%emt 0:00:07]} g6 {[%emt 0:01:54]} 20. Rf6 {[%emt 0:01:57]} Kg7 {[%emt 0:01:44]} 21. Qg2 {[%emt 0:00:26]} Be8 {[%emt 0:02:46]} 22. Qh3 {[%emt 0:07:20]} Rh8 {[%emt 0:01:15]} 23. Qf3 {[%emt 0:00:06]} Rc7 {[%emt 0:13:28]} 24. Rf1 {[%emt 0:01:54]} Bxc3 {[%emt 0:16:52]} 25. Rxf7+ {[%emt 0:03:14]} Rxf7 {[%emt 0:03:23]} 26. Nxf7 {[%emt 0:00:08]} Bxf7 {[%emt 0:02:02]} 27. Qxf7+ {[%emt 0:00:06]} Kh6 {[%emt 0:00:09]} 28. g5+ Kh5 {[%emt 0:00:49]} 29. Rf3 {[%emt 0:00:16]} Be1 {[%emt 0:00:26]} 30. Rh3+ {[%emt 0:00:19]} Bh4 {[%emt 0:00:36]} 31. Qf3+ {[%emt 0:00:05]} Kxg5 {[%emt 0:00:18]} 32. Qf4+ {[%emt 0:00:04]} 1-0

[Event "Croatian junior league 2021"]
[Site "Rabac"]
[Date "2021.04.09"]
[Round "8.11"]
[White "Baric, Marko"]
[Black "Jakovic, Roko"]
[Result "1-0"]
[WhiteElo "1936"]
[BlackElo "1846"]
[Annotator "NA"]
[PlyCount "141"]
[EventDate "2021.04.06"]
[EventType "swiss"]
[EventCountry "CRO"]
[SourceTitle "playchess.com"]
[Source "ChessBase"]
[SourceQuality "1"]
[TimeControl "5400+30"]

1. e4 {[%emt 0:01:49]} c5 {[%emt 0:00:00]} 2. Nf3 {[%emt 0:00:08]} d6 {[%emt 0:00:00]} 3. Bb5+ {[%emt 0:00:14]} Nd7 {[%emt 0:00:00]} 4. O-O {[%emt 0:02:46]} a6 {[%emt 0:01:03]} 5. Bd3 {[%emt 0:00:05]} Ngf6 {[%emt 0:00:24]} 6. Qe2 {[%emt 0:00:27]} b5 {[%emt 0:00:24]} 7. c3 {[%emt 0:00:09]} Bb7 {[%emt 0:00:29]} 8. Bc2 {[%emt 0:00:20]} e6 {[%emt 0:00:50]} 9. d4 {[%emt 0:00:10]} Be7 {[%emt 0:00:43]} 10. Rd1 {[%emt 0:01:14]} Qc7 {[%emt 0:03:51]} 11. Bd3 {[%emt 0:04:19]} c4 {[%emt 0:09:18]} 12. Bc2 {[%emt 0:00:08]} O-O {[%emt 0:01:31]} 13. Nbd2 {[%emt 0:00:24]} e5 {[%emt 0:07:00]} 14. d5 {[%emt 0:03:42]} Rfe8 {[%emt 0:08:48]} 15. Nf1 {[%emt 0:01:11]} Nf8 {[%emt 0:00:46]} 16. Ne3 {[%emt 0:08:21]} Ng6 {[%emt 0:04:22]} 17. g3 {[%emt 0:02:54]} Bc8 {[%emt 0:02:06]} 18. Kg2 {[%emt 0:06:49]} h6 {[%emt 0:14:23]} 19. h3 {[%emt 0:03:42]} Bd7 {[%emt 0:03:49]} 20. Nf5 {[%emt 0:08:34]} Bxf5 {[%emt 0:08:07]} 21. exf5 {[%emt 0:00:43]} Nf8 {[%emt 0:01:23]} 22. a4 {[%emt 0:09:59]} N8h7 {[%emt 0:10:40]} 23. Be3 {[%emt 0:05:14]} Bf8 {[%emt 0:01:30]} 24. Qd2 {[%emt 0:02:32]} e4 {[%emt 0:04:12]} 25. Nh4 {[%emt 0:03:04]} Qb7 {[%emt 0:02:19]} 26. Qd4 {[%emt 0:01:59]} Re5 {[%emt 0:08:00]} 27. axb5 {[%emt 0:06:30]} Qxb5 {[%emt 0:00:00]} 28. Ba4 {[%emt 0:03:23]} Qxb2 {[%emt 0:00:00]} 29. Bc6 {[%emt 0:01:22]} Rb8 {[%emt 0:00:00]} 30. Qxc4 {[%emt 0:00:41]} Ng5 {[%emt 0:02:00]} 31. Ra2 {[%emt 0:04:39]} Qb3 {[%emt 0:00:32]} 32. Qxb3 {[%emt 0:00:07]} Rxb3 {[%emt 0:00:01]} 33. Rxa6 {[%emt 0:00:08]} Nf3 {[%emt 0:01:39]} 34. Nxf3 {[%emt 0:00:31]} exf3+ {[%emt 0:00:04]} 35. Kxf3 {[%emt 0:00:08]} Rxf5+ {[%emt 0:01:10]} 36. Kg2 {[%emt 0:00:01]} Rxc3 {[%emt 0:01:30]} 37. g4 {[%emt 0:00:18]} Rxe3 {[%emt 0:03:26]} 38. fxe3 {[%emt 0:00:30]} Re5 {[%emt 0:00:33]} 39. Kf3 {[%emt 0:00:18]} Ne4 {[%emt 0:01:02]} 40. h4 {[%emt 0:02:09]} Nf6 {[%emt 0:00:45]} 41. Ra8 {[%emt 0:00:18]} g5 {[%emt 0:00:43]} 42. hxg5 {[%emt 0:01:31]} Rxg5 {[%emt 0:00:23]} 43. Rd4 {[%emt 0:00:45]} Kg7 {[%emt 0:00:44]} 44. Ra7 {[%emt 0:00:34]} Re5 {[%emt 0:00:30]} 45. Rf4 {[%emt 0:00:56]} Kg6 {[%emt 0:00:38]} 46. e4 {[%emt 0:02:35]} h5 {[%emt 0:01:33]} 47. gxh5+ {[%emt 0:00:43]} Rxh5 {[%emt 0:00:00]} 48. Ke2 {[%emt 0:05:21]} Bh6 {[%emt 0:00:12]} 49. Rf2 {[%emt 0:00:02]} Re5 {[%emt 0:00:26]} 50. Kd3 {[%emt 0:00:57]} Nxe4 {[%emt 0:00:37]} 51. Rfxf7 {[%emt 0:03:16]} Nf6 {[%emt 0:00:31]} 52. Rfe7 {[%emt 0:04:31]} Rh5 {[%emt 0:00:27]} 53. Re6 {[%emt 0:00:27]} Bf4 {[%emt 0:00:19]} 54. Be8+ {[%emt 0:00:09]} Kf5 {[%emt 0:00:41]} 55. Rxf6+ {[%emt 0:00:29]} Kxf6 {[%emt 0:00:08]} 56. Bxh5 {[%emt 0:00:02]} Be5 {[%emt 0:00:24]} 57. Kc4 {[%emt 0:00:09]} Kg5 {[%emt 0:00:04]} 58. Bf7 {[%emt 0:00:04]} Kf4 {[%emt 0:00:03]} 59. Kb5 {[%emt 0:00:12]} Bd4 {[%emt 0:00:02]} 60. Rd7 {[%emt 0:00:31]} Bc5 {[%emt 0:00:13]} 61. Kc6 {[%emt 0:00:08]} Ke5 {[%emt 0:00:09]} 62. Be6 {[%emt 0:00:17]} Bb4 {[%emt 0:00:07]} 63. Bg8 {[%emt 0:00:24]} Bc5 {[%emt 0:00:03]} 64. Re7+ {[%emt 0:00:07]} Kf6 {[%emt 0:00:20]} 65. Rd7 {[%emt 0:01:10]} Ke5 {[%emt 0:00:06]} 66. Bh7 {[%emt 0:00:05]} Ba3 {[%emt 0:00:07]} 67. Bb1 {[%emt 0:00:09]} Bb4 {[%emt 0:00:07]} 68. Re7+ {[%emt 0:00:04]} Kf6 {[%emt 0:00:26]} 69. Re6+ {[%emt 0:00:05]} Kf7 {[%emt 0:00:03]} 70. Rxd6 {[%emt 0:00:11]} Bxd6 {[%emt 0:00:13]} 71. Kxd6 {[%emt 0:00:01]} 1-0

[Event "Croatian junior league 2021"]
[Site "Rabac"]
[Date "2021.04.09"]
[Round "8.12"]
[White "Veverec, Ivo"]
[Black "Denic, Marin"]
[Result "0-1"]
[WhiteElo "1786"]
[BlackElo "1914"]
[Annotator "NA"]
[PlyCount "142"]
[EventDate "2021.04.06"]
[EventType "swiss"]
[EventCountry "CRO"]
[SourceTitle "playchess.com"]
[Source "ChessBase"]
[SourceQuality "1"]
[TimeControl "5400+30"]

1. e4 {[%emt 0:00:00]} e5 {[%emt 0:00:16]} 2. Nf3 {[%emt 0:00:00]} Nc6 {[%emt 0:00:05]} 3. Bc4 {[%emt 0:00:00]} Bc5 {[%emt 0:00:03]} 4. O-O {[%emt 0:00:13]} Nf6 {[%emt 0:00:05]} 5. d3 {[%emt 0:00:13]} O-O 6. Be3 {[%emt 0:02:56]} Bxe3 {[%emt 0:05:52]} 7. fxe3 {[%emt 0:00:08]} d5 {[%emt 0:00:17]} 8. exd5 {[%emt 0:01:00]} Nxd5 {[%emt 0:00:28]} 9. Qd2 {[%emt 0:01:45]} Be6 {[%emt 0:15:40]} 10. e4 {[%emt 0:04:27]} Nf4 {[%emt 0:02:28]} 11. Bxe6 {[%emt 0:00:24]} Nxe6 {[%emt 0:03:35]} 12. Nc3 {[%emt 0:00:17]} f6 {[%emt 0:01:35]} 13. Nd5 {[%emt 0:13:21]} Ncd4 {[%emt 0:07:51]} 14. b4 {[%emt 0:02:41]} c6 {[%emt 0:04:19]} 15. Ne3 {[%emt 0:00:06]} Qb6 {[%emt 0:10:41]} 16. Kh1 {[%emt 0:01:47]} Rad8 {[%emt 0:08:57]} 17. a3 {[%emt 0:08:56]} Nxf3 {[%emt 0:03:15]} 18. Rxf3 {[%emt 0:00:28]} Ng5 {[%emt 0:00:35]} 19. Rff1 {[%emt 0:10:32]} Nxe4 {[%emt 0:01:13]} 20. Qe1 {[%emt 0:01:11]} Ng5 {[%emt 0:07:38]} 21. h4 {[%emt 0:08:31]} Ne6 {[%emt 0:00:38]} 22. Qg3 {[%emt 0:01:46]} Qc7 {[%emt 0:06:21]} 23. Rae1 {[%emt 0:03:53]} Qd7 {[%emt 0:01:26]} 24. Ng4 {[%emt 0:04:49]} Kh8 {[%emt 0:01:52]} 25. Rf2 {[%emt 0:04:47]} a5 {[%emt 0:04:10]} 26. Ref1 {[%emt 0:00:00]} Nf4 {[%emt 0:01:20]} 27. Qf3 {[%emt 0:00:00]} Qd5 {[%emt 0:02:08]} 28. Qe3 {[%emt 0:00:00]} h5 {[%emt 0:03:28]} 29. Nh2 {[%emt 0:00:00]} axb4 {[%emt 0:00:14]} 30. axb4 {[%emt 0:00:08]} b5 {[%emt 0:02:35]} 31. Nf3 {[%emt 0:02:57]} Ra8 {[%emt 0:00:45]} 32. Kh2 {[%emt 0:01:23]} Qd7 {[%emt 0:04:27]} 33. d4 {[%emt 0:02:21]} Nd5 {[%emt 0:00:30]} 34. Qe4 {[%emt 0:01:40]} Qg4 {[%emt 0:00:14]} 35. Qxg4 {[%emt 0:00:48]} hxg4 {[%emt 0:00:01]} 36. Nxe5 {[%emt 0:00:08]} Rfe8 {[%emt 0:00:44]} 37. Nxc6 {[%emt 0:03:18]} Ra6 {[%emt 0:00:30]} 38. Na5 {[%emt 0:00:24]} Nxb4 {[%emt 0:00:14]} 39. Nb3 {[%emt 0:00:04]} Ra3 {[%emt 0:00:27]} 40. Rf5 {[%emt 0:01:44]} Rb8 {[%emt 0:01:30]} 41. Rc1 {[%emt 0:01:38]} Nxc2 {[%emt 0:00:29]} 42. Rxc2 {[%emt 0:00:12]} Rxb3 {[%emt 0:00:01]} 43. d5 {[%emt 0:00:46]} Rd3 {[%emt 0:00:20]} 44. Rb2 {[%emt 0:01:26]} b4 {[%emt 0:02:02]} 45. Rf4 {[%emt 0:09:35]} b3 {[%emt 0:00:26]} 46. Rxg4 {[%emt 0:00:26]} Rxd5 {[%emt 0:00:22]} 47. Rg3 {[%emt 0:00:03]} Rdb5 {[%emt 0:00:31]} 48. Re3 {[%emt 0:00:12]} Kh7 {[%emt 0:00:48]} 49. Kg3 {[%emt 0:00:06]} Kg6 {[%emt 0:00:13]} 50. Kf3 {[%emt 0:00:14]} Rb4 {[%emt 0:00:44]} 51. g4 {[%emt 0:04:20]} R8b6 {[%emt 0:00:23]} 52. Kg3 {[%emt 0:00:31]} f5 {[%emt 0:00:36]} 53. gxf5+ {[%emt 0:00:27]} Kxf5 {[%emt 0:00:04]} 54. Rf2+ {[%emt 0:00:04]} Kg6 {[%emt 0:00:12]} 55. Rb2 {[%emt 0:00:11]} R6b5 {[%emt 0:01:10]} 56. Rf3 {[%emt 0:00:17]} Kh5 {[%emt 0:00:36]} 57. Re3 {[%emt 0:00:31]} Rg4+ {[%emt 0:00:21]} 58. Kf2 {[%emt 0:00:32]} Rf5+ {[%emt 0:00:37]} 59. Ke1 {[%emt 0:02:16]} Rg1+ {[%emt 0:00:32]} 60. Kd2 {[%emt 0:00:12]} Rg2+ {[%emt 0:00:29]} 61. Kc3 {[%emt 0:01:21]} Rc5+ {[%emt 0:00:08]} 62. Kb4 {[%emt 0:01:35]} Rxb2 {[%emt 0:00:48]} 63. Kxc5 {[%emt 0:00:04]} Rc2+ {[%emt 0:00:38]} 64. Kd4 {[%emt 0:01:31]} b2 {[%emt 0:00:22]} 65. Rb3 {[%emt 0:00:03]} Kxh4 {[%emt 0:00:27]} 66. Kd3 {[%emt 0:00:36]} Rg2 {[%emt 0:00:23]} 67. Ke4 {[%emt 0:00:11]} g5 {[%emt 0:00:38]} 68. Kf5 {[%emt 0:00:24]} Rf2+ {[%emt 0:00:16]} 69. Ke4 {[%emt 0:00:12]} g4 {[%emt 0:00:30]} 70. Rb6 {[%emt 0:01:05]} Kg3 {[%emt 0:00:21]} 71. Rb3+ {[%emt 0:00:26]} Kg2 {[%emt 0:00:12]} 0-1

[Event "Croatian junior league 2021"]
[Site "Rabac"]
[Date "2021.04.09"]
[Round "8.13"]
[White "Ghersinich, Enrico"]
[Black "Begic, Domagoj"]
[Result "0-1"]
[WhiteElo "2186"]
[BlackElo "1706"]
[Annotator "NA"]
[PlyCount "174"]
[EventDate "2021.04.06"]
[EventType "swiss"]
[EventCountry "CRO"]
[SourceTitle "playchess.com"]
[Source "ChessBase"]
[SourceQuality "1"]
[TimeControl "5400+30"]

1. e4 {[%emt 0:03:51]} d5 {[%emt 0:00:00]} 2. exd5 {[%emt 0:00:13]} Qxd5 {[%emt 0:00:06]} 3. Nc3 {[%emt 0:00:12]} Qa5 {[%emt 0:00:06]} 4. d4 {[%emt 0:00:16]} c6 {[%emt 0:00:08]} 5. Bc4 {[%emt 0:00:20]} Nf6 {[%emt 0:00:21]} 6. Nf3 {[%emt 0:00:39]} Bf5 {[%emt 0:00:32]} 7. O-O {[%emt 0:00:25]} e6 {[%emt 0:00:06]} 8. Re1 {[%emt 0:01:13]} Be7 {[%emt 0:02:19]} 9. Bf4 {[%emt 0:01:33]} O-O {[%emt 0:00:32]} 10. Bb3 {[%emt 0:00:34]} Nbd7 {[%emt 0:00:33]} 11. Ne2 {[%emt 0:03:57]} Rfe8 {[%emt 0:01:36]} 12. Ng3 {[%emt 0:00:22]} Bg6 {[%emt 0:00:15]} 13. Qe2 {[%emt 0:02:05]} Nd5 {[%emt 0:08:36]} 14. Bd2 {[%emt 0:00:27]} Qd8 {[%emt 0:00:31]} 15. Rad1 {[%emt 0:00:29]} Bf6 {[%emt 0:02:36]} 16. c4 {[%emt 0:02:07]} Ne7 {[%emt 0:01:03]} 17. Bc3 {[%emt 0:01:08]} Nf5 {[%emt 0:07:00]} 18. Ne4 {[%emt 0:00:53]} Qc7 {[%emt 0:02:32]} 19. g4 {[%emt 0:06:18]} Nd6 {[%emt 0:01:00]} 20. Nxf6+ {[%emt 0:00:13]} Nxf6 {[%emt 0:00:33]} 21. Ne5 {[%emt 0:00:23]} Nd7 {[%emt 0:11:03]} 22. h4 {[%emt 0:00:23]} h6 {[%emt 0:04:19]} 23. Nxg6 {[%emt 0:00:17]} fxg6 {[%emt 0:00:16]} 24. Qd3 {[%emt 0:04:33]} Nf8 {[%emt 0:01:03]} 25. d5 {[%emt 0:00:08]} exd5 {[%emt 0:01:27]} 26. cxd5 {[%emt 0:00:44]} c5 {[%emt 0:00:11]} 27. Qg3 {[%emt 0:01:00]} b5 {[%emt 0:02:23]} 28. Be5 {[%emt 0:03:07]} Rad8 {[%emt 0:01:33]} 29. Kh2 {[%emt 0:00:10]} Qd7 {[%emt 0:01:28]} 30. a4 {[%emt 0:09:23]} a6 {[%emt 0:03:32]} 31. axb5 {[%emt 0:04:08]} axb5 {[%emt 0:00:30]} 32. Ra1 {[%emt 0:03:43]} c4 {[%emt 0:01:47]} 33. Bc2 {[%emt 0:00:15]} Nf7 {[%emt 0:00:16]} 34. Bc7 {[%emt 0:01:02]} Rxe1 {[%emt 0:05:36]} 35. Rxe1 {[%emt 0:00:14]} Re8 {[%emt 0:01:54]} 36. Rxe8 {[%emt 0:00:34]} Qxe8 {[%emt 0:00:09]} 37. d6 {[%emt 0:02:00]} Qe6 {[%emt 0:02:14]} 38. Qf4 {[%emt 0:08:23]} Ne5 {[%emt 0:15:19]} 39. Kg3 {[%emt 0:00:11]} Nfd7 {[%emt 0:00:53]} 40. h5 {[%emt 0:01:26]} gxh5 {[%emt 0:15:26]} 41. Bf5 {[%emt 0:01:39]} Qd5 {[%emt 0:00:33]} 42. gxh5 {[%emt 0:00:21]} Nf6 {[%emt 0:01:16]} 43. Qe3 {[%emt 0:05:53]} Nxh5+ {[%emt 0:01:49]} 44. Kh2 {[%emt 0:01:19]} Nf3+ {[%emt 0:03:04]} 45. Kg2 {[%emt 0:02:23]} Nh4+ {[%emt 0:01:45]} 46. Kh3 {[%emt 0:03:53]} Qh1+ {[%emt 0:01:34]} 47. Kg4 {[%emt 0:00:05]} Nf6+ {[%emt 0:00:31]} 48. Kf4 {[%emt 0:00:34]} Nd5+ {[%emt 0:00:34]} 49. Ke5 {[%emt 0:00:06]} Nxe3 {[%emt 0:00:12]} 50. Be6+ {[%emt 0:01:26]} Kh7 {[%emt 0:00:37]} 51. d7 {[%emt 0:00:53]} Qc6 {[%emt 0:01:16]} 52. Bg8+ {[%emt 0:01:12]} Kxg8 {[%emt 0:00:15]} 53. d8=Q+ {[%emt 0:00:01]} Kh7 {[%emt 0:00:15]} 54. fxe3 {[%emt 0:00:10]} Ng6+ {[%emt 0:00:32]} 55. Kd4 {[%emt 0:00:12]} b4 {[%emt 0:00:34]} 56. Qd6 {[%emt 0:01:19]} Qxd6+ {[%emt 0:00:34]} 57. Bxd6 {[%emt 0:00:04]} c3 {[%emt 0:00:08]} 58. bxc3 {[%emt 0:00:14]} bxc3 {[%emt 0:00:06]} 59. Kxc3 {[%emt 0:00:05]} Kg8 {[%emt 0:00:09]} 60. Kd4 {[%emt 0:02:36]} Kf7 {[%emt 0:00:14]} 61. Ke4 {[%emt 0:00:11]} Ke6 {[%emt 0:00:14]} 62. Bb4 {[%emt 0:00:06]} Ne7 {[%emt 0:00:41]} 63. Kf3 {[%emt 0:01:15]} g6 {[%emt 0:01:12]} 64. Bc5 {[%emt 0:03:08]} Nd5 {[%emt 0:00:32]} 65. Ba7 {[%emt 0:02:14]} Nf6 {[%emt 0:00:28]} 66. Bb6 {[%emt 0:01:30]} Kf5 {[%emt 0:00:15]} 67. Bc7 {[%emt 0:00:12]} Ne4 {[%emt 0:00:15]} 68. Ba5 {[%emt 0:01:16]} g5 {[%emt 0:00:12]} 69. Be1 {[%emt 0:00:06]} h5 {[%emt 0:00:12]} 70. Ba5 {[%emt 0:01:18]} g4+ {[%emt 0:01:04]} 71. Kg2 {[%emt 0:00:07]} Ke5 {[%emt 0:00:37]} 72. Bc7+ {[%emt 0:02:43]} Kd5 {[%emt 0:00:11]} 73. Bb6 {[%emt 0:00:34]} Kc4 {[%emt 0:00:08]} 74. Bc7 {[%emt 0:00:05]} Kd3 {[%emt 0:00:08]} 75. Bf4 {[%emt 0:00:33]} Ke2 {[%emt 0:00:12]} 76. Bh6 {[%emt 0:00:35]} h4 {[%emt 0:00:21]} 77. Bf4 {[%emt 0:00:04]} h3+ {[%emt 0:00:23]} 78. Kh2 {[%emt 0:00:25]} Kf3 {[%emt 0:00:13]} 79. Bc7 {[%emt 0:00:18]} Kxe3 {[%emt 0:00:12]} 80. Bb6+ {[%emt 0:00:12]} Kf3 {[%emt 0:00:12]} 81. Bc7 {[%emt 0:00:05]} Nd2 {[%emt 0:01:21]} 82. Bd6 {[%emt 0:00:38]} Nf1+ {[%emt 0:01:19]} 83. Kg1 {[%emt 0:00:19]} g3 {[%emt 0:01:04]} 84. Bxg3 {[%emt 0:00:06]} Kxg3 {[%emt 0:00:12]} 85. Kh1 {[%emt 0:00:05]} Nd2 {[%emt 0:00:12]} 86. Kg1 {[%emt 0:00:05]} Ne4 {[%emt 0:00:07]} 87. Kh1 {[%emt 0:00:09]} Nf2+ {[%emt 0:00:08]} 0-1